Score 0/25 Timer 08:00
0 Plays Today
Column Alumnus % Correct
Column 1Michael Phelps
88.8%
Column 1Gerald Ford
87.7%
Column 1Tom Brady
86.6%
Column 1Madonna
83.6%
Column 1James Earl Jones
70.1%
Column 2Lucy Liu
67.2%
Column 3Charles Woodson
67.2%
Column 4Jim Harbaugh
66.8%
Column 4Desmond Howard
66%
Column 3Chris Webber
59.3%
Column 3Barry Larkin
42.5%
Column 5Rich Eisen
42.5%
Column 5Ann Coulter
38.4%
Column Alumnus % Correct
Column 3Dr. Sanjay Gupta
38.1%
Column 5Ted Kaczynski
35.1%
Column 2David Alan Grier
28%
Column 2Selma Blair
22.8%
Column 5Darren Criss
19.8%
Column 4Dr. Jack Kevorkian
19%
Column 2Arthur Miller
13.4%
Column 2Larry Page
13.1%
Column 4Branch Rickey
12.7%
Column 4Christine Lahti
10.1%
Column 5Tom Hayden
4.5%
Column 3Clarence Darrow
1.1%
Remove Ads.
Support Sporcle.
Get the best of Sporcle when you Go Orange. This ad-free experience offers more features, more stats, and more fun while also helping to support Sporcle. Thank you for becoming a member.

You're not logged in!

Compare scores with friends on all Sporcle quizzes.
OR
Log In

Show Comments

Extras

Top Quizzes Today


Score Distribution

Your Account Isn't Verified!

In order to create a playlist on Sporcle, you need to verify the email address you used during registration. Go to your Sporcle Settings to finish the process.

Report this User

Report this user for behavior that violates our Community Guidelines.

Details: